000 00654nam a2200205Ii 4500
001 16941
003 CO-ViMGA
008 241108s9999||||xx |||||||||||||| ||und||
040 _aCO-ViMGA
_bspa
_erda
_cCO-ViMGA
041 0 _aspa
082 0 4 _aCo864.6 A71c
100 1 _aDaniel Arango Jaramillo
_945896
245 1 0 _aLa ciudad de Is :
_bensayos y notas de juventud, docencia y polĂ­tica educativa
264 1 _aBogotá, Colombia : Instituto Caro y Cuervo, 1996
300 _avolumen
336 _atext
_btxt
_2rdacontent
337 _aunmediated
_bn
_2rdamedia
338 _avolume
_bnc
_2rdacarrier
940 _aidficha_siabuc: 16609. -- ficha_no_siabuc:16941
999 _c40437
_d40437